| 000 | 00433nam a22001577a 4500 | ||
|---|---|---|---|
| 003 | OSt | ||
| 005 | 20221026160339.0 | ||
| 008 | 221026b |||||||| |||| 00| 0 eng d | ||
| 040 | _cBiblioteca Lado V | ||
| 082 |
_a708 _bF981n |
||
| 110 |
_9194 _aFundacao Joaquim Nabuco |
||
| 245 | _aNordestea/ | ||
| 260 |
_aBrasil _bMinisterio de Cultura _c1999 |
||
| 300 |
_a200p. _c24x23cm |
||
| 942 |
_2ddc _c1 _h708 _iF981n _n0 |
||
| 999 |
_c2340 _d2340 |
||